| 000 | 01139nam0a22002891 4500 | ||
|---|---|---|---|
| 001 | rc\4955308 | ||
| 005 | 20250613045642.0 | ||
| 021 |
_aRU _b[61-74362] |
||
| 035 | _a(NLR Aleph) 008955078 | ||
| 090 |
_a9027948 _c9027948 |
||
| 100 | _a20130426d1961 |||y0rusy50 ca | ||
| 101 | 0 | _arus | |
| 102 | _aRU | ||
| 105 | _aa z ||||| | ||
| 200 | 1 |
_aПрактикум по высшей геодезии _e(Вычислит. работы) _e[Для геодез. специальности вузов] |
|
| 205 | _a2-е изд., перераб. и доп. | ||
| 210 |
_aМосква _cГеодезиздат _d1961 |
||
| 215 |
_a339 с., 1 л. табл. _cчерт. _d26 |
||
| 320 | _aБиблиогр.: с. 334-335 (45 назв.) | ||
| 606 |
_aГеодезия высшая _jПрактические работы учащихся _2psbo |
||
| 700 | 1 |
_7ca _8rus _aРабинович _bБ. Н. _cд-р техн. наук, геодезия _f1898-1960 _gБорис Натанович _9217961 _3RU\NLR\AUTH\770218017 |
|
| 801 | 0 |
_aRU _bNLR _gpsbo |
|
| 801 | 1 |
_aRU _bELAR _2rusmarc |
|
| 852 |
_aNLR _j61-7/1961 |
||
| 942 | _cBOOK | ||
| 980 | _aNB | ||